| 000 | 00547nam a2200169 i 4500 | ||
|---|---|---|---|
| 001 | 32659 | ||
| 003 | ES-MaACL | ||
| 005 | 20230906154619.0 | ||
| 007 | t| | ||
| 008 | 030131s1967 sp ||||1| spa d | ||
| 100 | 1 |
_aBerman, Harold J. _928074 |
|
| 245 | 1 | 0 |
_aJusticia en la U.R.S.S. _b: una interpretación del Derecho soviético / _cHarold J. Berman ; traducción de Juan Ramón Capella. |
| 260 |
_aBarcelona : _bAriel, _c[1967] |
||
| 300 |
_a480 p. ; _c23 cm. |
||
| 700 | 1 |
_aCapella, Juan-Ramón. _934819 |
|
| 852 |
_aES-MaACL _jC-33585 _bR.64656 |
||
| 999 |
_c32659 _d32659 |
||